00702nam a22002177a 4500003001100000005001700011008004100028040003900069041000800108082001500116100002200131245007500153260004900228300001000277650002200287650003000309700003300339942000700372952009000379999001500469LK-CoMWRAF20240319145007.0240319b1994 |||||||| |||| 00| 0 eng d aLK-CoMWRAFdLK-CoMWRAFeLK-CoMWRAF aeng a331.4bWAN aWan, Cheung, Choi aAs women, as workers:ba cartoon book for Asian workers and organisers aHong Kong:bCommittee for Asian women,c1994 a63 p. aWOMEN LABOUR-Asia aWomen workers-Caricatures aJittidejarak, Trasvineills. cBK 00104070aMAINbMAINd2024-03-19l0o331.4 WANpRAF5217r2024-03-19w2024-03-19yBK c4866d4866